| 000 | 00350nam a22001337a 4500 | ||
|---|---|---|---|
| 999 |
_c528208 _d528208 |
||
| 003 | NUST | ||
| 038 | _aM.Ramzan | ||
| 082 |
_a363.7285 _bTEH |
||
| 100 |
_aTehobaro glous, George _919826 |
||
| 245 |
_aIntegral solid waste engineering../ _cGeorge ,Tehebaro glous |
||
| 260 |
_aNew York _bMcGraw Hill _c1993 |
||
| 300 |
_a978 p, : _c25cm |
||
| 942 |
_2ddc _cBK |
||